Normal view
MARC view
- Coolidge, Olivia E.
Entry Personal Name
001 - CONTROL NUMBER
- control field: 153625
003 - CONTROL NUMBER IDENTIFIER
- control field: DLC
005 - DATE AND TIME OF LATEST TRANSACTION
- control field: 20260413173804.0
008 - FIXED-LENGTH DATA ELEMENTS
- fixed length control field: 800625n| azannaabn |a aaa
010 ## - LIBRARY OF CONGRESS CONTROL NUMBER
- LC control number: n 50032080
040 ## - CATALOGING SOURCE
- Original cataloging agency: DLC
- Language of cataloging: eng
- Description conventions: rda
- Transcribing agency: DLC
- Modifying agency: DLC
- Modifying agency: IEN
- Modifying agency: OkU
046 ## - SPECIAL CODED DATES
- Birth date: 1908-10-16
- Death date: 2006-12-10
- Source of date scheme: edtf
100 1# - HEADING--PERSONAL NAME
- Personal name: Coolidge, Olivia E.
400 1# - SEE FROM TRACING--PERSONAL NAME
- Personal name: Coolidge, Margaret Olivia,
- Dates associated with a name: 1908-2006
400 1# - SEE FROM TRACING--PERSONAL NAME
- Personal name: Ensor, Margaret Olivia,
- Dates associated with a name: 1908-2006
400 1# - SEE FROM TRACING--PERSONAL NAME
- Personal name: Ensor, Olivia,
- Dates associated with a name: 1908-2006
400 1# - SEE FROM TRACING--PERSONAL NAME
- Personal name: Coolidge, Olivia,
- Dates associated with a name: 1908-2006
400 1# - SEE FROM TRACING--PERSONAL NAME
- Personal name: Kulidzh, Olivii︠a︡,
- Dates associated with a name: 1908-2006
670 ## - SOURCE DATA FOUND
- Source citation: Her Greek myths, 1949.
670 ## - SOURCE DATA FOUND
- Source citation: Her Colonial entrepreneur, 1999:
- Information found: CIP t.p. (Olivia E. Coolidge) data sheet (Margaret Olivia (Ensor) Coolidge; b. Oct. 16, 1908)
670 ## - SOURCE DATA FOUND
- Source citation: Info. converted from 678, 2012-10-02
- Information found: (b. 1908)
670 ## - SOURCE DATA FOUND
- Source citation: Social Security death index, Aug. 5, 2025
- Information found: (Olivia E. Coolidge, b. Oct. 16, 1908; d. Dec. 10, 2006)
670 ## - SOURCE DATA FOUND
- Source citation: OCLC, Aug. 20, 2025
- Information found: (usage: Olivia E. Coolidge, Olivia Coolidge, Olivii︠a︡ Kulidzh)



